[Event "6. Copenhagen Open Politiken Cup"]
[Site "Copenhagen"]
[Date "1984.??.??"]
[Round "1"]
[White "Auchenberg, Per"]
[Black "Pokojowczyk, Jerzy"]
[Result "0-1"]
[WhiteElo "2240"]
[BlackElo "2370"]
[PlyCount "50"]
[EventDate "1984.??.??"]
[EventType "swiss"]
[EventRounds "10"]
[EventCountry "DEN"]
[SourceDate "2004.01.01"]

1. c4 Nf6 2. Nc3 c5 3. g3 e6 4. Nf3 d5 5. cxd5 Nxd5 6. Bg2 Nc6 7. O-O Be7 8.
Nxd5 exd5 9. d4 O-O 10. dxc5 Bxc5 11. Ne1 d4 12. Nd3 Bb6 13. Bd2 Bf5 14. Rc1
Rc8 15. b4 Re8 16. b5 Ne5 17. Nxe5 Rxe5 18. Qb3 Rxc1 19. Rxc1 Qd7 20. Bf3 Rxb5
21. Qa4 Rb2 22. Qxd7 Bxd7 23. Rd1 h6 24. Bxb7 Ba4 25. Bc1 Rxe2 {Tid} 0-1

[Event "6. Copenhagen Open Politiken Cup"]
[Site "Copenhagen"]
[Date "1984.??.??"]
[Round "1"]
[White "Berkell, Peder"]
[Black "Kristiansen, Jens"]
[Result "1/2-1/2"]
[WhiteElo "2305"]
[BlackElo "2450"]
[PlyCount "80"]
[EventDate "1984.??.??"]
[EventType "swiss"]
[EventRounds "10"]
[EventCountry "DEN"]
[SourceDate "2004.01.01"]

1. d4 f5 2. Nc3 d5 3. Bg5 g6 4. Qd2 Bg7 5. O-O-O c6 6. g4 Nf6 7. gxf5 Bxf5 8.
f3 Nbd7 9. Bg2 h6 10. Bf4 g5 11. Bg3 Bg6 12. e4 Nb6 13. e5 Nh5 14. Bf1 O-O 15.
Bd3 Qe8 16. Qg2 Nc4 17. Bxc4 dxc4 18. Nge2 Qf7 19. d5 cxd5 20. Nxd5 e6 21. Ne3
Qxf3 22. Qxf3 Rxf3 23. Nxc4 Nxg3 24. hxg3 Rc8 25. b3 b5 26. Nd4 Rc3 27. Kb2
Rxg3 28. Nxb5 Rg2 29. Nd4 h5 30. Nxe6 Rxc2+ 31. Ka3 Bh6 32. Ne3 R2c6 33. Rd6
Bf7 34. Nxg5 Bf8 35. Nxf7 Kxf7 36. Nc4 Rxc4 37. bxc4 Bxd6+ 38. exd6 Rxc4 39.
Rxh5 Ke6 40. Rh6+ Kd7 1/2-1/2

[Event "6. Copenhagen Open Politiken Cup"]
[Site "Copenhagen"]
[Date "1984.??.??"]
[Round "1"]
[White "Brondum, Eric"]
[Black "Bilek, Istvan"]
[Result "1-0"]
[WhiteElo "2260"]
[BlackElo "2395"]
[PlyCount "77"]
[EventDate "1984.??.??"]
[EventType "swiss"]
[EventRounds "10"]
[EventCountry "DEN"]
[SourceDate "2004.01.01"]

1. d4 Nf6 2. Nf3 c5 3. d5 e6 4. c4 exd5 5. cxd5 g6 6. Nc3 Bg7 7. e4 O-O 8. Be2
Re8 9. Nd2 d6 10. O-O Nbd7 11. h3 a6 12. a4 Qc7 13. Qc2 b6 14. Nc4 Ne5 15. Na3
Rb8 16. Bf4 Nfd7 17. Bh2 g5 18. Kh1 Nf8 19. Qd2 Qe7 20. Nc2 Neg6 21. Rae1 Be5
22. Ne3 Nf4 23. Bg4 N8g6 24. Bxc8 Rbxc8 25. Nf5 Qf6 26. g3 Nh5 27. f4 gxf4 28.
gxf4 Bd4 29. Nh6+ Kf8 30. e5 Qh4 31. Qg2 Ng7 32. f5 Nxe5 33. Bf4 f6 34. Ne4
Rcd8 35. Nxf6 Qxf6 36. Bg5 Qxg5 37. Qxg5 Nf3 38. Rxe8+ Rxe8 39. Qg3 1-0

[Event "6. Copenhagen Open Politiken Cup"]
[Site "Copenhagen"]
[Date "1984.??.??"]
[Round "1"]
[White "Carl, Manfred"]
[Black "Bator, Robert"]
[Result "1-0"]
[WhiteElo "2230"]
[BlackElo "2365"]
[PlyCount "81"]
[EventDate "1984.??.??"]
[EventType "swiss"]
[EventRounds "10"]
[EventCountry "DEN"]
[SourceDate "2004.01.01"]

1. d4 Nf6 2. Nf3 e6 3. e3 b6 4. Nbd2 Bb7 5. Bd3 d5 6. Ne5 Bd6 7. f4 O-O 8. Qf3
c5 9. c3 Ba6 10. Bc2 Ne8 11. Qh3 f5 12. g4 Bxe5 13. fxe5 g6 14. gxf5 exf5 15.
Nf3 Ng7 16. Rg1 Qd7 17. Bd2 Nc6 18. Rg2 Rac8 19. a3 Na5 20. Kf2 Nc4 21. Bc1 Rc7
22. Kg1 Qe7 23. b3 Na5 24. Bd2 Bc8 25. Qh6 Ne6 26. Kh1 Qg7 27. Qh4 Qe7 28. Qg3
Nc6 29. Bd3 Na5 30. Bc2 Nc6 31. Nh4 Ng7 32. Rag1 cxd4 33. exd4 Qxa3 34. Bg5 Nd8
35. Bf6 Qa5 36. Nxg6 hxg6 37. Qxg6 Rff7 38. Bxd8 Qxc3 39. e6 Qf3 40. Bd1 Qe4
41. exf7+ 1-0

[Event "6. Copenhagen Open Politiken Cup"]
[Site "Copenhagen"]
[Date "1984.??.??"]
[Round "1"]
[White "Degerman, Lars"]
[Black "Lengyel, Levente"]
[Result "1/2-1/2"]
[WhiteElo "2270"]
[BlackElo "2415"]
[PlyCount "67"]
[EventDate "1984.??.??"]
[EventType "swiss"]
[EventRounds "10"]
[EventCountry "DEN"]
[SourceDate "2004.01.01"]

1. e4 e5 2. Nf3 Nc6 3. c3 Nf6 4. d4 Nxe4 5. d5 Ne7 6. Nxe5 Ng6 7. Qd4 Qe7 8.
Qxe4 Qxe5 9. Bd3 Bc5 10. Nd2 O-O 11. O-O d6 12. Nc4 Qf6 13. b4 Bb6 14. Nxb6
axb6 15. Be3 Bd7 16. Bd4 Qf4 17. g3 Qxe4 18. Bxe4 Bb5 19. Rfe1 Rfe8 20. f4 Bc4
21. a4 Ne7 22. a5 b5 23. Re3 Nxd5 24. Bxd5 Bxd5 25. Rae1 Rxe3 26. Rxe3 Kf8 27.
Kf2 f6 28. g4 Ra6 29. g5 Kf7 30. gxf6 gxf6 31. f5 Rc6 32. Rh3 Kg7 33. Rg3+ Kf7
34. Rh3 1/2-1/2

[Event "6. Copenhagen Open Politiken Cup"]
[Site "Copenhagen"]
[Date "1984.??.??"]
[Round "1"]
[White "Fette, Martin"]
[Black "Tompa, Janos"]
[Result "0-1"]
[WhiteElo "2270"]
[BlackElo "2420"]
[PlyCount "66"]
[EventDate "1984.??.??"]
[EventType "swiss"]
[EventRounds "10"]
[EventCountry "DEN"]
[SourceDate "2004.01.01"]

1. e4 c5 2. Nf3 e6 3. d3 Nc6 4. Nbd2 d5 5. g3 Bd6 6. Bg2 Nge7 7. O-O O-O 8. Re1
Qc7 9. c3 Bd7 10. Qe2 f6 11. d4 cxd4 12. cxd4 Qb6 13. Nb3 a5 14. e5 Bb4 15.
exf6 Rxf6 16. Bg5 Rxf3 17. Bxf3 Nf5 18. Red1 a4 19. g4 Nfxd4 20. Nxd4 Nxd4 21.
Qe3 Bc5 22. Rac1 Rf8 23. Bg2 Ne2+ 24. Qxe2 Rxf2 25. Qxf2 Bxf2+ 26. Kh1 Bc6 27.
Rc2 Be3 28. Be7 Qc7 29. Ba3 d4 30. Bxc6 bxc6 31. g5 Qf4 32. Rg2 d3 33. h3 Qf3
0-1

[Event "6. Copenhagen Open Politiken Cup"]
[Site "Copenhagen"]
[Date "1984.??.??"]
[Round "1"]
[White "Gallagher, Joseph G"]
[Black "Hoi, Carsten"]
[Result "1-0"]
[WhiteElo "2260"]
[BlackElo "2400"]
[PlyCount "69"]
[EventDate "1984.??.??"]
[EventType "swiss"]
[EventRounds "10"]
[EventCountry "DEN"]
[SourceDate "2004.01.01"]

1. e4 c6 2. d4 d5 3. exd5 cxd5 4. Bd3 Nc6 5. c3 Nf6 6. Bf4 g6 7. Nf3 Bf5 8.
Bxf5 gxf5 9. Ne5 e6 10. Nd2 Bd6 11. O-O Qc7 12. Re1 Rg8 13. Bg3 Ne4 14. Nxe4
fxe4 15. Nxc6 Bxg3 16. hxg3 bxc6 17. c4 Rb8 18. Qd2 Qb6 19. Rab1 Rd8 20. b4 Rg4
21. c5 Qb5 22. Rb3 Rd7 23. Ra1 f5 24. a4 Qc4 25. Rab1 e5 26. b5 cxb5 27. Rxb5
f4 28. dxe5 fxg3 29. Rb8+ Rd8 30. Qh6 gxf2+ 31. Kh2 Qxc5 32. Qe6+ Qe7 33. Rxd8+
Kxd8 34. Rb8+ Kc7 35. Qc8# 1-0

[Event "6. Copenhagen Open Politiken Cup"]
[Site "Copenhagen"]
[Date "1984.??.??"]
[Round "1"]
[White "Grooten, Herman"]
[Black "Portisch, Ferenc"]
[Result "1/2-1/2"]
[WhiteElo "2305"]
[BlackElo "2445"]
[PlyCount "77"]
[EventDate "1984.??.??"]
[EventType "swiss"]
[EventRounds "10"]
[EventCountry "DEN"]
[SourceDate "2004.01.01"]

1. d4 Nf6 2. Nf3 g6 3. c4 Bg7 4. Nc3 O-O 5. e4 d6 6. Be2 e5 7. d5 a5 8. Bg5 Na6
9. O-O Nc5 10. Nd2 h6 11. Bh4 c6 12. Nb3 g5 13. Nxc5 gxh4 14. Nd3 cxd5 15. cxd5
b5 16. a3 Bd7 17. Re1 Qb6 18. Bf1 b4 19. Qb3 Rab8 20. axb4 axb4 21. Nb1 Nh7 22.
Nd2 Ng5 23. Nc4 Qd4 24. Nxd6 Rb6 25. Nf5 Bxf5 26. exf5 e4 27. Nf4 Qxb2 28. Qxb2
Bxb2 29. Rab1 Be5 30. Nh3 Nxh3+ 31. gxh3 Re8 32. Bc4 Rf6 33. Bb5 Rb8 34. Rxe4
Rxb5 35. Rxe5 b3 36. Rb2 Kg7 37. Re3 Rxf5 38. Rbxb3 Rbxd5 39. Rbd3 1/2-1/2

[Event "6. Copenhagen Open Politiken Cup"]
[Site "Copenhagen"]
[Date "1984.??.??"]
[Round "1"]
[White "Hartung Nielsen, Jens"]
[Black "Brinck Claussen, Bjorn"]
[Result "1/2-1/2"]
[WhiteElo "2240"]
[BlackElo "2370"]
[PlyCount "61"]
[EventDate "1984.??.??"]
[EventType "swiss"]
[EventRounds "10"]
[EventCountry "DEN"]
[SourceDate "2004.01.01"]

1. d4 Nf6 2. Nf3 b6 3. Bg5 Bb7 4. Nc3 e6 5. e4 h6 6. Bxf6 Qxf6 7. Bd3 Bb4 8.
O-O Bxc3 9. bxc3 d6 10. Nd2 e5 11. f4 exd4 12. e5 dxe5 13. fxe5 Qg5 14. Nf3
Qe3+ 15. Kh1 O-O 16. cxd4 c5 17. c3 cxd4 18. cxd4 Bd5 19. Qc2 Nc6 20. Rae1 Qf4
21. Bh7+ Kh8 22. Be4 Ne7 23. Nd2 Qg4 24. Re3 Rac8 25. Qd3 Qe6 26. Ref3 Bxa2 27.
Qe3 Nd5 28. Qa3 Ne7 29. Qe3 Nd5 30. Qa3 Ne7 31. Qe3 1/2-1/2

[Event "6. Copenhagen Open Politiken Cup"]
[Site "Copenhagen"]
[Date "1984.??.??"]
[Round "1"]
[White "Heyken, Enno"]
[Black "Horvath, Tamas"]
[Result "0-1"]
[WhiteElo "2300"]
[BlackElo "2440"]
[PlyCount "78"]
[EventDate "1984.??.??"]
[EventType "swiss"]
[EventRounds "10"]
[EventCountry "DEN"]
[SourceDate "2004.01.01"]

1. e4 c5 2. Nf3 a6 3. c3 d5 4. exd5 Qxd5 5. d4 e6 6. Bd3 Nf6 7. O-O Be7 8. dxc5
Bxc5 9. b4 Be7 10. c4 Qd8 11. a3 a5 12. b5 Nbd7 13. Bb2 O-O 14. Qe2 Bd6 15.
Nbd2 Re8 16. Ng5 Bf8 17. f4 h6 18. Nge4 Nxe4 19. Nxe4 f5 20. Ng3 b6 21. Rad1
Bb7 22. Qh5 Qc7 23. Qg6 Bc5+ 24. Kh1 Nf8 25. Qh5 Rad8 26. Ne2 Qe7 27. a4 Nd7
28. Ng1 Nf6 29. Bxf6 Qxf6 30. Nf3 Bd6 31. Nh4 Kh7 32. Nf3 Bxf4 33. Rfe1 g6 34.
Qh3 e5 35. Bc2 e4 36. Ng1 Rxd1 37. Rxd1 Rd8 38. Rxd8 Qxd8 39. Qc3 Qd6 0-1

[Event "6. Copenhagen Open Politiken Cup"]
[Site "Copenhagen"]
[Date "1984.??.??"]
[Round "1"]
[White "Hvenekilde, Jorgen"]
[Black "Berg, Klaus"]
[Result "1/2-1/2"]
[WhiteElo "2290"]
[BlackElo "2400"]
[PlyCount "57"]
[EventDate "1984.??.??"]
[EventType "swiss"]
[EventRounds "10"]
[EventCountry "DEN"]
[SourceDate "2004.01.01"]

1. d4 Nf6 2. c4 c5 3. d5 b5 4. a4 bxc4 5. Nc3 d6 6. e4 g6 7. Bxc4 Bg7 8. Nge2
O-O 9. O-O Ba6 10. Bb5 Bxb5 11. axb5 Nbd7 12. h3 Ne8 13. Be3 Nc7 14. Qd2 a6 15.
bxa6 Rxa6 16. Rxa6 Nxa6 17. Bh6 Qb6 18. Bxg7 Kxg7 19. Ng3 Rb8 20. Ra1 Nc7 21.
Nd1 f6 22. Ne3 Ne5 23. f4 Nf7 24. Nc4 Qb5 25. Qc1 e6 26. dxe6 Nxe6 27. Kh2 Nd4
28. Ra7 Rb7 29. Rxb7 1/2-1/2

[Event "6. Copenhagen Open Politiken Cup"]
[Site "Copenhagen"]
[Date "1984.??.??"]
[Round "1"]
[White "Jacoby, Gisbert"]
[Black "Cramling, Dan"]
[Result "1/2-1/2"]
[WhiteElo "2245"]
[BlackElo "2380"]
[PlyCount "29"]
[EventDate "1984.??.??"]
[EventType "swiss"]
[EventRounds "10"]
[EventCountry "DEN"]
[SourceDate "2004.01.01"]

1. d4 g6 2. e4 Bg7 3. c3 d5 4. Nd2 c6 5. Bd3 Nh6 6. Ngf3 O-O 7. O-O b6 8. Re1
Bb7 9. Qe2 e6 10. Nf1 dxe4 11. Qxe4 Nd7 12. Bg5 Qc7 13. Qh4 Nf5 14. Bxf5 exf5
15. Re7 1/2-1/2

[Event "6. Copenhagen Open Politiken Cup"]
[Site "Copenhagen"]
[Date "1984.??.??"]
[Round "1"]
[White "Jensen, Allan Astrup"]
[Black "Iskov, Gert"]
[Result "0-1"]
[WhiteElo "2240"]
[BlackElo "2370"]
[PlyCount "82"]
[EventDate "1984.??.??"]
[EventType "swiss"]
[EventRounds "10"]
[EventCountry "DEN"]
[SourceDate "2004.01.01"]

1. e4 e6 2. d4 d5 3. Nc3 Bb4 4. Bd2 dxe4 5. Qg4 Qxd4 6. O-O-O h5 7. Qe2 Nf6 8.
Qb5+ Nc6 9. Qg5 Qe5 10. Qh4 Bd7 11. a3 Be7 12. Bf4 Qf5 13. Bg5 Ng4 14. Bxe7
Nxe7 15. f3 exf3 16. gxf3 Ne3 17. Bd3 Qa5 18. Rd2 N3f5 19. Qf2 O-O-O 20. Nh3
Qb6 21. Qxb6 axb6 22. Ng5 Rhf8 23. Re1 Bc6 24. f4 Nd5 25. Bxf5 exf5 26. Nxd5
Rxd5 27. Rxd5 Bxd5 28. Re5 Rd8 29. Re7 Rd7 30. Re8+ Rd8 31. Re7 f6 32. Nh3 Rg8
33. b3 Kd8 34. Re1 Bg2 35. Nf2 g5 36. Re6 Rf8 37. fxg5 fxg5 38. Rg6 g4 39. Rh6
Bf3 40. Nd3 f4 41. Ne5 Be2 0-1

[Event "6. Copenhagen Open Politiken Cup"]
[Site "Copenhagen"]
[Date "1984.??.??"]
[Round "1"]
[White "Knoppert, Erik G J"]
[Black "Van Mil, Johan"]
[Result "0-1"]
[WhiteElo "2245"]
[BlackElo "2370"]
[PlyCount "86"]
[EventDate "1984.??.??"]
[EventType "swiss"]
[EventRounds "10"]
[EventCountry "DEN"]
[SourceDate "2004.01.01"]

1. c4 f5 2. g3 Nf6 3. Bg2 g6 4. Nc3 Bg7 5. d4 O-O 6. Nf3 d6 7. O-O Qe8 8. b3
Na6 9. Ba3 c6 10. Rc1 Nc7 11. Qd3 Rb8 12. e4 fxe4 13. Nxe4 Bf5 14. Nh4 Nxe4 15.
Bxe4 Bxe4 16. Qxe4 Bf6 17. d5 b5 18. Rc2 bxc4 19. Qxc4 Nxd5 20. Ng2 Rc8 21. Ne3
Qf7 22. Ng4 Bg7 23. Bb2 Nf6 24. Nxf6+ Bxf6 25. Bxf6 Qxc4 26. bxc4 Rxf6 27. Rb1
Rc7 28. Rcb2 e5 29. Rb8+ Rf8 30. R1b7 Rg7 31. Kf1 Rxb8 32. Rxb8+ Kf7 33. Rc8 c5
34. Ke2 Ke6 35. Rb8 Rd7 36. Kd3 d5 37. Re8+ Kd6 38. Rf8 e4+ 39. Ke3 dxc4 40.
Rb8 Kd5 41. Rb1 Rf7 42. Rd1+ Ke5 43. Rd8 Rf3+ 0-1

[Event "6. Copenhagen Open Politiken Cup"]
[Site "Copenhagen"]
[Date "1984.??.??"]
[Round "1"]
[White "Knudsen, Per"]
[Black "King, Daniel J"]
[Result "0-1"]
[WhiteElo "2295"]
[BlackElo "2435"]
[PlyCount "67"]
[EventDate "1984.??.??"]
[EventType "swiss"]
[EventRounds "10"]
[EventCountry "DEN"]
[SourceDate "2004.01.01"]

1. Nf3 Nf6 2. c4 e6 3. g3 a6 4. Bg2 b5 5. b3 Bb7 6. O-O Be7 7. Na3 bxc4 8. bxc4
c5 9. Rb1 Bc6 10. d3 d6 11. Qd2 Nbd7 12. Bb2 O-O 13. Nc2 Nb6 14. e4 Nfd7 15.
Ne3 Na4 16. Ba1 Bf6 17. Rb3 Rb8 18. Bxf6 Qxf6 19. Ng4 Qd8 20. Qf4 Qe7 21. e5
dxe5 22. Nfxe5 Nxe5 23. Rxb8 Rxb8 24. Qxe5 Rb6 25. Bxc6 Rxc6 26. Qb8+ Qf8 27.
Rb1 f6 28. Qxf8+ Kxf8 29. Kf1 Nc3 30. Rb8+ Kf7 31. Rb7+ Kg6 32. h4 h5 33. Ne3
Nxa2 34. f3 {Tid} 0-1

[Event "6. Copenhagen Open Politiken Cup"]
[Site "Copenhagen"]
[Date "1984.??.??"]
[Round "1"]
[White "Kristensen, Leif Sogaard"]
[Black "Poulsen, Allan"]
[Result "1-0"]
[WhiteElo "2220"]
[BlackElo "2350"]
[PlyCount "77"]
[EventDate "1984.??.??"]
[EventType "swiss"]
[EventRounds "10"]
[EventCountry "DEN"]
[SourceDate "2004.01.01"]

1. e4 c5 2. c3 g6 3. d4 Bg7 4. dxc5 Qc7 5. Be3 Nf6 6. Nd2 O-O 7. Bd3 Rd8 8. h3
d6 9. cxd6 Qxd6 10. Be2 Nc6 11. Ngf3 Nh5 12. g3 Be6 13. Nb3 Qc7 14. Qc1 Ne5 15.
Nbd4 Bc4 16. Qc2 Nxf3+ 17. Nxf3 b5 18. O-O Be6 19. Kh2 b4 20. Ng5 Rd6 21. Bxh5
gxh5 22. e5 Rc6 23. Qxh7+ Kf8 24. Qxh5 bxc3 25. bxc3 Bc4 26. e6 Bxe6 27. Bd4 f6
28. Nxe6+ Rxe6 29. Qf5 Rc6 30. Rfe1 Rd8 31. Re4 Qd7 32. Qf3 Qd5 33. Qg2 Rd7 34.
Rae1 Ra6 35. a4 Rxa4 36. Bxf6 Rxe4 37. Bxg7+ Kxg7 38. Rxe4 Rd6 39. Rxe7+ 1-0

[Event "6. Copenhagen Open Politiken Cup"]
[Site "Copenhagen"]
[Date "1984.??.??"]
[Round "1"]
[White "Lindberg, Bengt"]
[Black "Barczay, Laszlo"]
[Result "1/2-1/2"]
[WhiteElo "2265"]
[BlackElo "2410"]
[PlyCount "44"]
[EventDate "1984.??.??"]
[EventType "swiss"]
[EventRounds "10"]
[EventCountry "DEN"]
[SourceDate "2004.01.01"]

1. e4 c5 2. Nf3 e6 3. d4 cxd4 4. Nxd4 Nf6 5. Nc3 d6 6. g4 h6 7. Rg1 a6 8. h4
Nfd7 9. g5 hxg5 10. Bxg5 Qc7 11. Qg4 Ne5 12. Qg3 b5 13. a3 Nbc6 14. Nxc6 Nxc6
15. O-O-O Rb8 16. Bf4 Ne5 17. Be3 b4 18. axb4 Rxb4 19. Rd4 Rxd4 20. Bxd4 Ng6
21. Rh1 Qa5 22. Kb1 Be7 1/2-1/2

[Event "6. Copenhagen Open Politiken Cup"]
[Site "Copenhagen"]
[Date "1984.??.??"]
[Round "1"]
[White "Nilsson, Nils Specht"]
[Black "Bjarnason, Saevar"]
[Result "0-1"]
[WhiteElo "2245"]
[BlackElo "2375"]
[PlyCount "120"]
[EventDate "1984.??.??"]
[EventType "swiss"]
[EventRounds "10"]
[EventCountry "DEN"]
[SourceDate "2004.01.01"]

1. e4 e6 2. d4 d5 3. Nd2 Nf6 4. e5 Nfd7 5. c3 c5 6. f4 Nc6 7. Ndf3 Qb6 8. Ne2
f6 9. g3 fxe5 10. dxe5 Be7 11. h4 c4 12. Bh3 Nc5 13. Be3 Qxb2 14. O-O O-O 15.
Bxc5 Bxc5+ 16. Kh1 Qb6 17. Rb1 Qc7 18. Ng5 Qe7 19. Qc2 g6 20. Bg4 b6 21. Kg2
Bd7 22. Rh1 Rae8 23. Nf3 Be3 24. Nh2 Qg7 25. Rhf1 b5 26. Bh3 Ne7 27. Ng4 Nf5
28. Nf6+ Rxf6 29. exf6 Qxf6 30. Bxf5 gxf5 31. Qd1 Bc5 32. a4 a6 33. axb5 axb5
34. Ra1 Rb8 35. Ra5 Bb6 36. Ra6 Bc8 37. Ra2 Bb7 38. Kh2 b4 39. cxb4 d4 40. Qd2
Be4 41. Rc1 c3 42. Nxc3 dxc3 43. Qxc3 Qxc3 44. Rxc3 Bd4 45. Rc1 Rxb4 46. Rd1
Kf7 47. Rf1 Kg6 48. Re1 Bb2 49. Rf1 Bd5 50. Ra5 Bd4 51. Kh3 Rb2 52. Rxd5 exd5
53. Rd1 Rb4 54. Rd2 Kf6 55. h5 Ke6 56. Re2+ Kd6 57. Re8 Bf6 58. Ra8 Rb6 59. Ra7
d4 60. Rxh7 d3 0-1

[Event "6. Copenhagen Open Politiken Cup"]
[Site "Copenhagen"]
[Date "1984.??.??"]
[Round "1"]
[White "Norgaard, Jesper"]
[Black "Van der Sterren, Paul"]
[Result "0-1"]
[WhiteElo "2315"]
[BlackElo "2475"]
[PlyCount "66"]
[EventDate "1984.??.??"]
[EventType "swiss"]
[EventRounds "10"]
[EventCountry "DEN"]
[SourceDate "2004.01.01"]

1. e4 c5 2. Nf3 e6 3. d4 cxd4 4. Nxd4 Nf6 5. Nc3 d6 6. g4 Nc6 7. g5 Nd7 8. Be3
Be7 9. h4 O-O 10. Qe2 Nxd4 11. Bxd4 a6 12. O-O-O b5 13. Qd2 Bb7 14. Bd3 Ne5 15.
f4 Nf3 16. Qf2 Nxd4 17. Qxd4 Rc8 18. Kb1 Qc7 19. Qf2 b4 20. Ne2 Qc5 21. Qg2 a5
22. h5 a4 23. g6 Bf6 24. h6 hxg6 25. Qh2 Rfe8 26. hxg7 Bxg7 27. Qh7+ Kf8 28.
Rhg1 Ba6 29. Rg5 d5 30. Qh3 a3 31. e5 axb2 32. Rdg1 Bc4 33. f5 Bxe5 0-1

[Event "6. Copenhagen Open Politiken Cup"]
[Site "Copenhagen"]
[Date "1984.??.??"]
[Round "1"]
[White "Petersen, Finn"]
[Black "Wedberg, Tom"]
[Result "1/2-1/2"]
[WhiteElo "2320"]
[BlackElo "2495"]
[PlyCount "37"]
[EventDate "1984.??.??"]
[EventType "swiss"]
[EventRounds "10"]
[EventCountry "DEN"]
[SourceDate "2004.01.01"]

1. e4 e5 2. Nf3 Nc6 3. Bb5 Nge7 4. O-O g6 5. d4 exd4 6. Nxd4 Bg7 7. Nxc6 bxc6
8. Ba4 O-O 9. Nc3 Kh8 10. Be3 d6 11. Bd4 f6 12. Ne2 c5 13. Bc3 Be6 14. Nf4 Bf7
15. Nd5 Be6 16. Re1 Bd7 17. Bxd7 Qxd7 18. Nxe7 Qxe7 19. Qd5 1/2-1/2

[Event "6. Copenhagen Open Politiken Cup"]
[Site "Copenhagen"]
[Date "1984.??.??"]
[Round "1"]
[White "Reinert, Mads"]
[Black "Moe, Mogens"]
[Result "1-0"]
[WhiteElo "2330"]
[BlackElo "2350"]
[PlyCount "43"]
[EventDate "1984.??.??"]
[EventType "swiss"]
[EventRounds "10"]
[EventCountry "DEN"]
[SourceDate "2004.01.01"]

1. e4 c5 2. Nf3 Nc6 3. d4 cxd4 4. Nxd4 Qb6 5. Nb3 Nf6 6. Nc3 e6 7. Bd3 a6 8. a4
Bb4 9. O-O O-O 10. Be3 Qc7 11. f4 d6 12. Qf3 Bd7 13. Qg3 Kh8 14. Qh4 Bxc3 15.
bxc3 b5 16. Rae1 bxa4 17. e5 dxe5 18. fxe5 Nxe5 19. Rxf6 Nxd3 20. Rh6 Kg8 21.
Rxh7 f6 22. Qh5 1-0

[Event "6. Copenhagen Open Politiken Cup"]
[Site "Copenhagen"]
[Date "1984.??.??"]
[Round "1"]
[White "Schandorff, Lars"]
[Black "Sznapik, Aleksander"]
[Result "1/2-1/2"]
[WhiteElo "2310"]
[BlackElo "2460"]
[PlyCount "80"]
[EventDate "1984.??.??"]
[EventType "swiss"]
[EventRounds "10"]
[EventCountry "DEN"]
[SourceDate "2004.01.01"]

1. c4 g6 2. Nc3 Bg7 3. d4 d6 4. g3 Nf6 5. Bg2 O-O 6. Nf3 Bg4 7. O-O Qc8 8. Qc2
Nc6 9. Rd1 e5 10. dxe5 dxe5 11. Be3 Re8 12. Nd5 Bf5 13. Nxf6+ Bxf6 14. Qb3 a5
15. Bg5 Bg7 16. Qe3 e4 17. Nh4 Be6 18. Qxe4 Bxb2 19. Qf4 Be5 20. Qc1 Bg4 21.
Rb1 Bxe2 22. Re1 Bg7 23. Qd2 Bxc4 24. Rxe8+ Qxe8 25. Rxb7 Rc8 26. h3 Qe6 27. a3
a4 28. Kh2 Nd4 29. Qa5 h6 30. Be3 c5 31. Qxa4 g5 32. Nf3 Bd5 33. Nxd4 cxd4 34.
Bxd5 Qxd5 35. Rd7 Qf3 36. Rxd4 Ra8 37. Qd1 Qxd1 38. Rxd1 Rxa3 39. Rd8+ Kh7 40.
Rd7 Kg6 1/2-1/2

[Event "6. Copenhagen Open Politiken Cup"]
[Site "Copenhagen"]
[Date "1984.??.??"]
[Round "1"]
[White "Sorensen, Bent"]
[Black "Fedder, Steen"]
[Result "1/2-1/2"]
[WhiteElo "2290"]
[BlackElo "2420"]
[PlyCount "86"]
[EventDate "1984.??.??"]
[EventType "swiss"]
[EventRounds "10"]
[EventCountry "DEN"]
[SourceDate "2004.01.01"]

1. g3 Nf6 2. Bg2 d5 3. Nf3 g6 4. O-O Bg7 5. d3 O-O 6. Nbd2 c5 7. e4 Nc6 8. c3
b6 9. Re1 dxe4 10. dxe4 Ng4 11. Qe2 Nge5 12. Rd1 Qd3 13. Qxd3 Nxd3 14. Nc4 Nxc1
15. Raxc1 Be6 16. Bf1 Bh6 17. Ra1 Bg4 18. Kg2 Rad8 19. h3 Bc8 20. Rd5 Be6 21.
Rdd1 Bg7 22. a3 Bc8 23. Rd5 Be6 24. Rdd1 h6 25. Ne3 Bc8 26. Rd5 e6 27. Rxd8
Rxd8 28. Rd1 Rxd1 29. Nxd1 Kf8 30. Nd2 Ke7 31. Ne3 f5 32. exf5 exf5 33. f4 Na5
34. Nec4 Nxc4 35. Bxc4 Bd7 36. Kf2 b5 37. Be2 Kd6 38. Ke3 Bf6 39. h4 Bd8 40.
Bf3 g5 41. hxg5 hxg5 42. Bb7 g4 43. Kd3 c4+ 1/2-1/2

[Event "6. Copenhagen Open Politiken Cup"]
[Site "Copenhagen"]
[Date "1984.??.??"]
[Round "1"]
[White "Sorensen, Henrik"]
[Black "Westerinen, Heikki"]
[Result "0-1"]
[WhiteElo "2250"]
[BlackElo "2385"]
[PlyCount "60"]
[EventDate "1984.??.??"]
[EventType "swiss"]
[EventRounds "10"]
[EventCountry "DEN"]
[SourceDate "2004.01.01"]

1. d4 d5 2. Nf3 Nf6 3. c3 Bf5 4. Bf4 e6 5. Qb3 Qc8 6. e3 Be7 7. c4 O-O 8. Nc3
c5 9. cxd5 Nxd5 10. Nxd5 exd5 11. dxc5 Qxc5 12. Bd3 Qa5+ 13. Ke2 Be4 14. Rhd1
Na6 15. Qb5 Bxd3+ 16. Qxd3 Nc5 17. Qd2 Qb5+ 18. Ke1 Nb3 19. Nd4 Nxd4 20. Qxd4
Bb4+ 21. Rd2 Rfe8 22. f3 Rac8 23. Kf2 Bxd2 24. Qxd2 Rc4 25. Kg3 Qc6 26. Qd3 Rc2
27. b4 Re6 28. b5 Rg6+ 29. Kh3 Qe6+ 30. g4 Rh6+ 0-1

[Event "6. Copenhagen Open Politiken Cup"]
[Site "Copenhagen"]
[Date "1984.??.??"]
[Round "1"]
[White "Wockenfuss, Klaus"]
[Black "Matulovic, Milan"]
[Result "1/2-1/2"]
[WhiteElo "2310"]
[BlackElo "2465"]
[PlyCount "40"]
[EventDate "1984.??.??"]
[EventType "swiss"]
[EventRounds "10"]
[EventCountry "DEN"]
[SourceDate "2004.01.01"]

1. d4 g6 2. e4 d6 3. g3 Bg7 4. Bg2 Nf6 5. Ne2 O-O 6. Nbc3 c5 7. dxc5 dxc5 8.
Qxd8 Rxd8 9. Be3 Na6 10. h3 e5 11. O-O b6 12. Rfd1 Bb7 13. a3 Ne8 14. Nb5 Nac7
15. a4 a5 16. Nec3 Ne6 17. Nd5 Bxd5 18. Rxd5 Rxd5 19. exd5 Nd4 20. Bxd4 cxd4
1/2-1/2

[Event "6. Copenhagen Open Politiken Cup"]
[Site "Copenhagen"]
[Date "1984.??.??"]
[Round "2"]
[White "Barczay, Laszlo"]
[Black "Degerman, Lars"]
[Result "1/2-1/2"]
[WhiteElo "2410"]
[BlackElo "2270"]
[PlyCount "65"]
[EventDate "1984.??.??"]
[EventType "swiss"]
[EventRounds "10"]
[EventCountry "DEN"]
[SourceDate "2004.01.01"]

1. e4 c5 2. Nf3 Nc6 3. d4 cxd4 4. Nxd4 Nf6 5. Nc3 d6 6. Bc4 e6 7. Be3 a6 8. Qe2
Qc7 9. O-O-O Na5 10. Bb3 b5 11. Kb1 Nxb3 12. cxb3 b4 13. Na4 Nxe4 14. Rc1 Nc5
15. Nf5 e5 16. Nxd6+ Qxd6 17. Bxc5 Qg6+ 18. Ka1 Bxc5 19. Nxc5 O-O 20. Qxe5 Bf5
21. Rhe1 Rac8 22. Qf4 h6 23. Qxb4 Qxg2 24. Qf4 Bg6 25. b4 Rc6 26. Qg3 Qd5 27.
Rcd1 Qf5 28. Nb3 Rc4 29. Qd6 Rfc8 30. Qxa6 Qxf2 31. Re8+ Rxe8 32. Qxc4 Re1 33.
Qc1 1/2-1/2